| 000 | 01458nam a2200289 a 4500 | ||
|---|---|---|---|
| 999 |
_c472958 _d472958 |
||
| 003 | BLK | ||
| 005 | 20250103162652.0 | ||
| 008 | 220909b bu |||||r|||| 00| | bu d | ||
| 020 | _a9786199175125 | ||
| 040 | _aBLK | ||
| 041 |
_aBUL _cBUL |
||
| 080 |
_aИздания за деца и юноши. Книжки-картинки. Читанки. Вж и 372.4 _b087.5 _z087.5 |
||
| 100 |
_aКераскоет _eпърви автор _9467872 |
||
| 139 |
_aКераскоет _bК 52 |
||
| 245 | 1 | 0 |
_aЩе ида с Ванеса _bразказ за една малка добрина _cКераскоет ; прев. от англ. Александър Маринов |
| 260 |
_aСофия _bДакелче _c2021 _9392710 |
||
| 300 |
_a[38] с. : цв. ил. _c29 см |
||
| 380 | _aDN | ||
| 500 | _aОриг. загл.: I walk with Vanessa / Kerascoet. - Кераскоет - колективен псевд. на худож. Себастиан Косе и Мари Помпюи. - Биогр. данни за худож. | ||
| 653 | 7 |
_aкнижки-картинки _9188752 |
|
| 700 |
_aМаринов, Александър Валентинов _d1979- _gПреводач от/на английски език _qАлександър Маринов-Санчо _9382244 |
||
| 852 |
_aЦб ІІ 31100 _bЦб |
||
| 856 |
_i0.00 _ldisable |
||
| 942 |
_cKNG _n0 _019 _s1 |
||
| 944 |
_aCR _c2022-09-09 _k30551 _lБояна Костадинова |
||
| 999 | _d472958 | ||